000 00414nab a2200145Ia 4500
003 ES-SlBCS
005 20210601134617.0
008 140529s1995 xxu||||| |||| 00| 0 spa d
041 _aspa
100 1 _aMugueta, Amparo
_9220392
245 0 0 _aTiempo libre y nuevos lenguajes
_c Amparo Mugueta
650 0 4 _aTiempo Libre
_9127684
773 0 _tAnthropos
_gvol. 16, nº. 30, 1995, págs. 106-110
_wRev38
942 _cAR
999 _c615230
_d615230